000 00796nam a22002177a 4500
999 _c63337
_d63337
005 20240530110635.0
008 170923s2014 ua a g b 000 0dara d
017 _a2012/4145
_bمصر. دار الكتب
020 _a9789777049832
040 _aEG-CaGPL
_cEG-CaGPL
082 0 4 _221
_a364.131\
_bس ل
100 1 _aسميث ، مايكل .
245 1 0 _aلعبة التجسس :
_bالتاريخ السرى للجاسوسية البريطانية /
_cتاليف مايكل سميث ؛ ترجمة ناصر عفيفى .
250 _aط.1
260 _aالقاهرة :
_c2014 .
300 _a774 ص ؛
_c24 سم .
650 0 7 _2qrmak
_aالجاسوسية .
650 0 7 _aالجاسوسية
_zبريطانيا .
_2qrmak
942 _2ddc
_cBK